| 000 | 00478nam a22001457a 4500 | ||
|---|---|---|---|
| 020 | _a9780471593485 | ||
| 082 | _a621.81 NAY | ||
| 100 |
_aNayfeh, Ali H. _969606 |
||
| 245 | _aApplied nonlinear dynamics; analytical, computational and experimental methodss | ||
| 260 |
_aGermany _bWiley _c2004 |
||
| 300 | _axv,661 PBalachandran, Balakumar | ||
| 650 |
_a Analytical, Computational and Experimental Methodss _969607 |
||
| 700 |
_aBalachandran, Balachandran _969608 |
||
| 942 | _cBK | ||
| 999 |
_c576820 _d576820 |
||